<?xml version="1.0" encoding="UTF-8"?><?xml-stylesheet type="text/xsl" href="static/style.xsl"?><OAI-PMH xmlns="http://www.openarchives.org/OAI/2.0/" xmlns:xsi="http://www.w3.org/2001/XMLSchema-instance" xsi:schemaLocation="http://www.openarchives.org/OAI/2.0/ http://www.openarchives.org/OAI/2.0/OAI-PMH.xsd"><responseDate>2026-04-14T03:50:35Z</responseDate><request verb="GetRecord" identifier="oai:www.recercat.cat:20.500.12328/2070" metadataPrefix="marc">https://recercat.cat/oai/request</request><GetRecord><record><header><identifier>oai:recercat.cat:20.500.12328/2070</identifier><datestamp>2025-05-20T00:03:22Z</datestamp><setSpec>com_2072_67741</setSpec><setSpec>col_2072_484352</setSpec></header><metadata><record xmlns="http://www.loc.gov/MARC21/slim" xmlns:dcterms="http://purl.org/dc/terms/" xmlns:xsi="http://www.w3.org/2001/XMLSchema-instance" xmlns:doc="http://www.lyncode.com/xoai" xsi:schemaLocation="http://www.loc.gov/MARC21/slim http://www.loc.gov/standards/marcxml/schema/MARC21slim.xsd">
   <leader>00925njm 22002777a 4500</leader>
   <datafield ind2=" " ind1=" " tag="042">
      <subfield code="a">dc</subfield>
   </datafield>
   <datafield ind2=" " ind1=" " tag="720">
      <subfield code="a">Manresa, Alba</subfield>
      <subfield code="e">author</subfield>
   </datafield>
   <datafield ind2=" " ind1=" " tag="720">
      <subfield code="a">Escobar Rivera, Dalilis</subfield>
      <subfield code="e">author</subfield>
   </datafield>
   <datafield ind2=" " ind1=" " tag="260">
      <subfield code="c">2021</subfield>
   </datafield>
   <datafield ind2=" " ind1=" " tag="520">
      <subfield code="a">In the current changing environment, organizations need to evolve from a profitable perspective to a more sustainable focus. To deal with this change, the implementation of specific quality models and principles might help. Thus, the present article aims to study whether sustainable management can be achieved in specific organizations (enterprises, associations, and government institutions) by identifying the EFQM principles. Moreover, it analyses which of these quality principles positively and directly impacts the performances studied (environmental, social, and economic). To achieve these objectives, Ordinal Logistic Regression (ORL) was performed using data corresponding to the sample compiled by the Càtedra Universitària de Responsabilitat Social (RSU) from University of Girona. The research results indicate that implementing specific quality principles all the dimensions improved; thus, the organization becomes more sustainable. The value of this research lies in its contribution to the sustainable management literature; adds knowledge to the ongoing debate about the possible influence of TQM principles on the specific dimensions of sustainable management and highlight the importance of having a clear strategy to obtain the highest sustainable performance.</subfield>
   </datafield>
   <datafield ind1="8" ind2=" " tag="024">
      <subfield code="a">Manresa Matas, Alba; Escobar Rivera, Dalilis. Excellence in sustainable management in a changing environment. Sustainability, 2021, 13(4), 2296. Disponible en: &lt;https://www.mdpi.com/2071-1050/13/4/2296>. Fecha de acceso: 9 mar. 2021. DOI: 10.3390/su13042296</subfield>
   </datafield>
   <datafield ind1="8" ind2=" " tag="024">
      <subfield code="a">2071-1050</subfield>
   </datafield>
   <datafield ind1="8" ind2=" " tag="024">
      <subfield code="a">http://hdl.handle.net/20.500.12328/2070</subfield>
   </datafield>
   <datafield ind1="8" ind2=" " tag="024">
      <subfield code="a">https://dx.doi.org/10.3390/su13042296</subfield>
   </datafield>
   <datafield tag="653" ind2=" " ind1=" ">
      <subfield code="a">Associacions, institucions, etc.</subfield>
   </datafield>
   <datafield tag="653" ind2=" " ind1=" ">
      <subfield code="a">Desenvolupament sostenible</subfield>
   </datafield>
   <datafield tag="653" ind2=" " ind1=" ">
      <subfield code="a">Medi ambient</subfield>
   </datafield>
   <datafield tag="653" ind2=" " ind1=" ">
      <subfield code="a">Economia</subfield>
   </datafield>
   <datafield tag="653" ind2=" " ind1=" ">
      <subfield code="a">Organizaciones</subfield>
   </datafield>
   <datafield tag="653" ind2=" " ind1=" ">
      <subfield code="a">Desarrollo sostenible</subfield>
   </datafield>
   <datafield tag="653" ind2=" " ind1=" ">
      <subfield code="a">Medio ambiente</subfield>
   </datafield>
   <datafield tag="653" ind2=" " ind1=" ">
      <subfield code="a">Economía</subfield>
   </datafield>
   <datafield tag="653" ind2=" " ind1=" ">
      <subfield code="a">Organizations</subfield>
   </datafield>
   <datafield tag="653" ind2=" " ind1=" ">
      <subfield code="a">Sustainable development</subfield>
   </datafield>
   <datafield tag="653" ind2=" " ind1=" ">
      <subfield code="a">Environment</subfield>
   </datafield>
   <datafield tag="653" ind2=" " ind1=" ">
      <subfield code="a">Economy</subfield>
   </datafield>
   <datafield ind2="0" ind1="0" tag="245">
      <subfield code="a">Excellence in sustainable management in a changing environment</subfield>
   </datafield>
</record></metadata></record></GetRecord></OAI-PMH>